000 00313nam a22001337a 4500
008 181101b xxu||||| |||| 00| 0 eng d
020 _a2900538734942
041 _aeng
080 _212th
_a612.39
100 _a10
101 _aNUT
245 _aNutrition Concepts & Controversies
_cSizer,F.S
942 _2udc
_cBK
999 _c51410
_d51410